| 000 | 00976nas a2200313 4500 | ||
|---|---|---|---|
| 001 | BR2015002792 | ||
| 003 | BR-BrBNA | ||
| 005 | 20231205125323.0 | ||
| 007 | ta | ||
| 008 | 230509b bl.|||p| |||| 00| 00por d | ||
| 040 |
_aBR-BrBNA _bpor _cBiblioteca Nacional de Agricultura |
||
| 041 | _a(Pt) | ||
| 072 | _aH10 | ||
| 100 | 1 | _aSouza, L.M. de | |
| 100 | 1 | _aMoino Júnior, A. | |
| 100 | 1 | _aMertz, N.R. | |
| 100 | 1 | _aSilva, M.A.T. da | |
| 100 | 1 | _aSoares, F.M. | |
| 100 | 1 | _aBonete Filho, R.Z. | |
| 245 | 1 | _aNematoides entomopatogênicos e compatibilidade com imidaclopride visando ao controle de Spodoptera frugiperda em viveiro florestal | |
| 650 | _aEUCALIPTO | ||
| 650 | _aVIVEIRO FLORESTAL | ||
| 650 | _aNEMATÓIDE | ||
| 650 | _aLAGARTA | ||
| 650 | _aCONTROLE MICROBIANO | ||
| 773 | 0 |
_tNematologia Brasileira (Brazil) _xISSN 0102-2997 _g(Jun 2012), v. 36(1-2) p. 33-41 _wBR2015002792 |
|
| 909 |
_a202311 _bLúcia _c55 _dLúcia Elande |
||
| 942 |
_2AGRIS _n0 _cANA |
||
| 999 |
_c243784 _d243784 |
||